000 00337cam a22001217a 4500
008 180718b1973 xxu||||| |||| 00| 0 eng d
082 _aK9 Si64
100 _aSinha, Durganand
245 _aStudies in industrial psychology
_cby Durganand Sinha
260 _aAgra
_bSri Ram Mehra
_c1973
300 _a181p.
650 _aIndustrial psychology
999 _c353731
_d353731